|
|
|
|
| LEADER |
01010nam a2200313 4500 |
| 001 |
DLU140164348 |
| 005 |
##20140923 |
| 040 |
# |
# |
|a DLU
|b vie
|
| 041 |
# |
# |
|a vie
|
| 044 |
# |
# |
|a vn
|
| 082 |
# |
# |
|a 895.922 809
|b HO-T
|
| 100 |
# |
# |
|a Hồ Văn Trung.
|
| 245 |
# |
# |
|a Gian truân chỉ là thử thách :
|b Từ chăn trâu đến chủ tịch tập đoàn /
|c Hồ Văn Trung.
|
| 260 |
# |
# |
|a Huế :
|b Thuận Hoá,
|c 2014.
|
| 300 |
# |
# |
|a 440 tr. :
|b ảnh ;
|c 21 cm.
|
| 505 |
# |
# |
|a Chương 1. Tuổi ấu thơ nghèo khó -- Chương 2. Học trò nghèo -- Chương 3. Gian truân nơi miền đất hứa -- Chương 4. Gian truân sau ngày thống nhất -- Chương 5. Cuộc sống mới.
|
| 600 |
# |
# |
|a Hồ Văn Trung,
|d 1951-
|
| 650 |
# |
# |
|a Tập đoàn Trang's Group.
|
| 923 |
# |
# |
|a 03/2014
|
| 991 |
# |
# |
|a SH
|
| 992 |
# |
# |
|a 98000
|
| 994 |
# |
# |
|a DLU
|
| 900 |
# |
# |
|a True
|
| 911 |
# |
# |
|a Đào Thị Thu Huyền
|
| 925 |
# |
# |
|a G
|
| 926 |
# |
# |
|a A
|
| 927 |
# |
# |
|a SH
|
| 980 |
# |
# |
|a Thư viện Trường Đại học Đà Lạt
|